Macāna para unan̄cāsa dina. (Record no. 58621)

MARC details
000 -LEADER
fixed length control field 00659cam a22002411 4500
001 - CONTROL NUMBER
control field sa 64004594
003 - CONTROL NUMBER IDENTIFIER
control field DLC
005 - DATE AND TIME OF LATEST TRANSACTION
control field 20260227112026.0
008 - FIXED-LENGTH DATA ELEMENTS--GENERAL INFORMATION
fixed length control field 810610s1963 ii a 000 0 hinr
010 ## - LIBRARY OF CONGRESS CONTROL NUMBER
LC control number sa 64004594
025 ## - OVERSEAS ACQUISITION NUMBER
Overseas acquisition number PL480:I-H-1228
035 ## - SYSTEM CONTROL NUMBER
System control number (OCoLC)7492581
040 ## - CATALOGING SOURCE
Original cataloging agency DLC
Transcribing agency WaU
Modifying agency DLC
042 ## - AUTHENTICATION CODE
Authentication code premarc
043 ## - GEOGRAPHIC AREA CODE
Geographic area code a-ii---
050 00 - LIBRARY OF CONGRESS CALL NUMBER
Classification number SK235
Item number .S54
100 1# - MAIN ENTRY--PERSONAL NAME
Personal name Siddhantalankar, Shrinidhi.
245 10 - TITLE STATEMENT
Title Macāna para unan̄cāsa dina.
Statement of responsibility, etc. [Lekhaka] Śrīnidhi Siddhāntālaṅkāra.
260 ## - PUBLICATION, DISTRIBUTION, ETC.
Place of publication, distribution, etc. Dillī.
Name of publisher, distributor, etc. Ārthmārāma,
Date of publication, distribution, etc. 1963.
300 ## - PHYSICAL DESCRIPTION
Extent 20, 196 p.
Other physical details illus.
Dimensions 23 cm.
500 ## - GENERAL NOTE
General note In Hindi.
650 #0 - SUBJECT ADDED ENTRY--TOPICAL TERM
Topical term or geographic name entry element Hunting
Geographic subdivision India.

No items available.

Powered by Koha